Forgotten Lyrics (Linkin Park) - Statistics

General Stats
  • This quiz has been taken 23 times
  • The average score is 20 of 30
Answer Stats
Lyrics % Correct
But why should I {care}?
90%
At the core, I've {forgotten}
85%
From the {top} to the {bottom}
85%
In the middle of my {thoughts}
85%
Taken far from my {safety}
85%
The {memory} won't escape me
85%
The {picture}'s there
85%
There's a place so {dark}, you can't see the end
85%
The darkness holding me {tightly}
80%
Until {the} {sun} rises up
80%
{Bottom} to {top}, I stop
75%
Forcefully, the {power} of suggestion
75%
In the memory, you'll {find} {me}
75%
(Skies cock back) And shock that which {can}'{t} {defend}
70%
Tellin' you that I see it {right} {through} you
70%
And pours over the rusted world of {pretend}
65%
Eyes {burning} up
65%
Floats down on the street 'til the {wind} is gone
65%
Movin' all around, screamin' of the {ups} and {downs}
65%
Now you got me caught {in} {the} {act}, you bring the thought back
65%
A small spot of {light} floods the floor
60%
Behind street lamps, chain-link, and {concrete}
55%
Pollution manifested in {perpetual} sound
55%
When the paper's crumpled up, it can't be {perfect} again
55%
A little {piece} {of} {paper} with a picture drawn
50%
And the memory {now} is like the picture was {then}
50%
Then with the eyes shut, lookin' through the {rust} and {rot} and {dust}
50%
The rain then sends dripping {acidic} {questions}
50%
The {wheels} go round and the sunset creeps
45%
And the eyes {ease} {open}, and it's dark again
40%
No matching quizzes found
Score Distribution
Percent of People with Each Score
Percentile by Number Answered
Your Score History
You have not taken this quiz